LIBRARY & INFORMATION CENTRE, KCAET, TAVANUR

ONLINE PUBLIC ACCESS CATALOGUE (OPAC)

Concise Oxford Dictionary of Current English / (Record no. 10172)

MARC details
000 -LEADER
fixed length control field 00352cam a2200133ua 4500
082 ## - DEWEY DECIMAL CLASSIFICATION NUMBER
Classification number 028.73423
Item number FOW/CO
100 ## - MAIN ENTRY--AUTHOR NAME
Personal name Fowler, H W .
245 00 - TITLE STATEMENT
Title Concise Oxford Dictionary of Current English /
250 ## - EDITION STATEMENT
Edition statement 5 /
260 ## - PUBLICATION, DISTRIBUTION, ETC. (IMPRINT)
Place of publication London :
Name of publisher Oxford University Press ,
Year of publication 1964.
300 ## - PHYSICAL DESCRIPTION
Number of Pages 1555 ; .
700 1# - ADDED ENTRY--PERSONAL NAME
Personal name Fowler, F G .
942 ## - ADDED ENTRY ELEMENTS (KOHA)
Koha item type Books
Holdings
Withdrawn status Lost status Damaged status Home library Current library Date acquired Full call number Accession Number Koha item type
Withdrawn     KAUAET Malayalam University 07/04/2012 028.73423 5083 Reference
free website counter